00976nam a22002411i 450000500170000000800410001702000460005804000250010408200160012910000600014524500880020526400430029330000520033633600340038833700250042233800230044749000350047050000290050550000900053465000360062470000390066083000350069920210301110108.0210228t20151955enka|||j ||| 000 1 eng d a9780603571626 (set)cRM 437.38 qhardback aPPAKbengcPPAKerda04223a823.9141 aAwdry, Wilbert Vere,q(The Reverend W. Awdry),eauthor.14aFOUR LITTLE ENGINES /cby THE REV. W. AWDRY with illustrations by C. REGINALD DALBY 1aLondon :bEgmont UK Limited ,c©2015. a62 pages :bcolour illustrations ;c11 x 15 cm. 2rdacontentatextastill image 2rdamediaaunmediated 2rdacarrieravolume1 aTHE RAILWAY SERIES v No. 10 aFirst published in 1955. aThe Original Railway Series THOMAS THE TANK ENGINE 70TH ANNIVERSARY CLASSIC LIBRARY 10aEnglish fiction.y20th century.1 aDalby, C. Reginald ,eillustrator. 0aThe railway series v No. 10